Estadísticas para Países con el IDH más Alto

Haz click aquí para intentar la prueba.

Estadísticas generales

  • Esta prueba ha sido intentada 2.657 veces
    (1.882 desde el último reinicio)
  • La puntuación promedio es 19 de 22

Estadísticas de respuestas

IDHPaís% Correcto
0.953Noruega
96%
0.933Suecia
96%
0.924Estados Unidos
94%
0.920Finlandia
94%
0.926Canadá
93%
0.944Suiza
92%
0.936Alemania
91%
0.909Japón
90%
0.929Dinamarca
89%
0.922Reino Unido
85%
0.939Australia
84%
0.904Luxemburgo
84%
0.935Islandia
83%
0.931Países Bajos
82%
0.956Mónaco
81%
0.916Bélgica
80%
0.908Austria
78%
0.938Irlanda
78%
0.916Liechtenstein
78%
0.917Nueva Zelanda
77%
0.961San Marino
71%
0.932Singapur
65%

Distribución de puntuación

Porcentaje por número respondido

Porcentaje de gente con cada puntuación

Historial de tus puntuaciones

No has intentado esta prueba desde el último reinicio